Представление документа в формате RUSMARC

ПолеНазваниеЗначение
  Тип записи a
  Библиографический уровень m
001 Контрольный номер RU/SLIB/B/208778488
005 Дата корректировки 20201206204331.6
010 Индекс ISBN __
a ISBN 5-88-664-059-2
d Цена 93-69
021 № государственной регистрации __
b № документа 02-27020
100 Данные общей обработки __
a Данные общей обработки 19020806d2002 |||y1rusy0189 ca
101 Язык документа __
a Язык текста rus
c Язык оригинала rus
102 Страна публикации __
a Страна публикации RU
105 Кодированные данные (монография) __
a Кодированные данные (монография) zy
200 Заглавие и сведения об ответственности 1_
a Заглавие Русское красноречие
e Сведения, относящиеся к заглавию хрестоматия : учеб. пособие
f Первые сведения об ответственности авт.-сост.: Н. А. Купина, Т. В. Матвеева
b Общее обозначение материала Текст
210 Выходные данные __
a Место издания Екатеринбург
c Издательство Сократ
d Дата издания 2002
215 Физическое описание __
a Объем 334, [1] с.
c Иллюстрации/тип воспроизводства портр.
330 Аннотация __
a Аннотация Представлены речи писателей и ученых, деятелей культуры и политиков, примеры судебного и церковного красноречия.
606 Тематические рубрики __
a Основная рубрика Филологические науки
606 Тематические рубрики __
a Основная рубрика Ораторское искусство
610 Ключевые слова __
a Ключевые слова красноречие; публичные выступления; речь; деятели культуры; государственные деятели; политические деятели; судебное ораторское искусство; церковное красноречие; судебное красноречие; проповеди; церковные деятели; деятели искусства
686 Индексы других классификаций __
a Классификационный индекс 80.742; ст83.7
702 Вторичная интеллектуальная ответственность _1
a Фамилия Купина
b Имя Н. А.
4 Код отношения Автор
4 Код отношения 070
4 Код отношения 220
702 Вторичная интеллектуальная ответственность _1
a Фамилия Матвеева
b Имя Т. В.
4 Код отношения Автор
4 Код отношения 070
4 Код отношения 220
801 Источник записи _0
a Страна RU
b Организация Муниципальное бюджетное учреждение культуры "Централизованная библиотечная система" г. Сургут (Центральная городская библиотека им. А. С. Пушкина)
c Дата составления 20020806
g Правила каталогизации КиК/Чорнонос Е.В.
801 Источник записи _1
a Страна RU
b Организация Муниципальное бюджетное учреждение культуры "Централизованная библиотечная система" г. Сургут (Центральная городская библиотека им. А. С. Пушкина)
c Дата составления 20020806
g Правила каталогизации КиК/Чорнонос Е.В.
852 Данные о местонахождении __
j Шифр хранения 80.742
c Каталожный индекс 83.7
i Авторский знак Р 89
901 Тип документа 1_
t Тип документа m
903 Характеристики (МАРС) __
a Дата передачи 20050920
969 Тип издания __
a Тип издания хрестоматия
990 Данные о заказе (DOS) __
t N записи в КСУ для И/У (DOS) 200509
j Количество экземпляров (DOS) 8